| 000 | 00569nam a22002057a 4500 | ||
|---|---|---|---|
| 008 | 131111b xxu||||| |||| 00| 0 alb d | ||
| 020 | _a9789994340446 | ||
| 041 | 0 | _aalb | |
| 080 |
_a336.33 _x(091) |
||
| 100 | 1 |
_aKripa, Dorina _d1977 |
|
| 245 | 1 | 0 |
_aHuaja hipotekore dhe pasuritë e paluajtshme / _cDorina Kripa. |
| 260 |
_aTirane : _bPegi ; _c2006. |
||
| 300 |
_a204 f. : _c21 cm. |
||
| 500 | _aParathënie : f. [IV] - [V] | ||
| 505 | _aLiteratura : f. [205]-[207] | ||
| 650 | _aHuatë | ||
| 650 | _aPasuria e patundëshme | ||
| 650 | _aPengjet | ||
| 942 |
_2udc _cBK |
||
| 999 |
_c264 _d264 |
||